| 000 | 00544nam a2200217Ia 4500 | ||
|---|---|---|---|
| 003 | OSt | ||
| 005 | 20220928144017.0 | ||
| 006 | a|||||r|||| 00| 0 | ||
| 007 | ta | ||
| 008 | 220927b |||||||| |||| 00| 0 eng d | ||
| 024 | _a23484 | ||
| 037 | _cTextual | ||
| 040 |
_aSDCL _cSDCL _beng |
||
| 041 |
_2eng _aeng |
||
| 082 | _aO152,1N26w, N2 | ||
| 100 |
_aSrotriya prabhakar _9506317 |
||
| 245 | 0 | _aDharmveer bharati. | |
| 260 | _c1992 | ||
| 942 |
_hO152,1N26w, N2 _cTEXL _2CC |
||
| 999 |
_c825430 _d825430 |
||